000 00677nam a2200217Ia 4500
005 20230208111329.0
008 210716s2014 xx 000 0 und d
020 _a9780198093312
040 _cAIMIT LIBRARY
041 _aeng
082 _a658.1511
_21
_bRAMS
100 _aRamanathan, S.
_971264
245 _aAccounting for management /
_cBy S Ramanathan.
250 _a1st ed.
260 _aNew Delhi :
_bOxford University Press ,
_c2014.
300 _axvii,669p. ;
_bPB
_c27.5 cm
650 _aBasic financial accounting
_971265
650 _aFinancial management
_971266
650 _aCost analysis and product costing
_971267
942 _2ddc
_cBK
_e1st
_k658.1511 RAMS
999 _c208890
_d208890